| 000 | 00489nam a2200169 a 4500 | ||
|---|---|---|---|
| 001 | 21579 | ||
| 005 | 20180713215343.0 | ||
| 008 | 140415s1968 ag 000 0 spa d | ||
| 041 | _aspa | ||
| 082 |
_a332.41 _bEST |
||
| 245 | 0 | 0 | _aESTRUCTURA FINANCIERA Y DESARROLLO ECONOMICO |
| 250 | _a1a ed. | ||
| 260 |
_aARGENTINA : _bEDITORIAL DEL INSTITUTO, _c1968 |
||
| 300 | _a208 | ||
| 490 | _aOCRE : ECONOMIA | ||
| 650 | 1 | 4 |
_aAHORRO E INVERSIONES _xDESARROLLO ECONOMICO _xFINANZAS |
| 999 |
_c21579 _d21579 |
||